Les featurings de Tiakola - Mort subite - Statistiques

Statistiques générales
  • Ce quiz a été pris 990 fois
  • Le résultat moyen est 11 sur 14
Answers on the Grid
Answers color-coded by a green-red scale on the quiz's grid according to % correct below.
Niska
SDM
Hamza
Dave
Gazo
Central Cee
JEY BROWNIE
Dinos
Jul
Merveille
Zola
La Mano 1.9
Dadju
Aya Nakamura
Vald
Laylow
Luidji
Alpha Wann
Kalash Criminel
Jok'air
Nekfeu
Naza
 
Statistiques - réponses
Réponse % Correct
Gazo
92%
SDM
89%
Niska
87%
Hamza
84%
Dave
83%
La Mano 1.9
83%
Aya Nakamura
79%
Dadju
79%
Merveille
77%
Naza
73%
Zola
72%
Dinos
62%
Jul
59%
JEY BROWNIE
56%
Aucun quiz correspondant
Distribution des résultats
% des personnes avec chaque résultat
Percentile par nombre de réponses
Votre historique - résultats
Vous n’avez pas pris ce quiz